| 000 | 00853nas a2200277 4500 | ||
|---|---|---|---|
| 001 | BR9205718 | ||
| 003 | BR-BrBNA | ||
| 005 | 20231205100425.0 | ||
| 007 | ta | ||
| 008 | 230509b bl.|||p| |||| 00| 00por d | ||
| 040 |
_aBR-BrBNA _bpor _cBiblioteca Nacional de Agricultura |
||
| 041 | _a(Pt) | ||
| 072 | _aL02; F01 | ||
| 100 | 1 | _aLourenco, A.J. | |
| 100 | 1 | _aDelistoianov, J. | |
| 100 | 1 | _aValvasori, E. | |
| 245 | 1 | _aEfeito de lotacoes em pasto de capim green panic fertilizado com nitrogenio ou consorciado | |
| 650 | _aMateria Seca | ||
| 650 | _aGanho de Peso | ||
| 650 | _aConsorciacao de Cultura | ||
| 650 | _aCentrosema | ||
| 650 | _aNitrogenio | ||
| 773 | 0 |
_tBoletim de Industria Animal (Brazil) _xISSN 0067-9615 _g(Jul-Dec 1988), v. 45(2) p. 343-350 _wBR9205718 |
|
| 909 |
_a202311 _bLúcia _c55 _dLúcia Elande |
||
| 942 |
_2AGRIS _n0 _cANA |
||
| 999 |
_c155939 _d155939 |
||